000 00901nam a2200277 a 4500
001 81813
003 BD-RjUL
005 20230830101557.0
008 230830s2008 iauab 001 0 eng
020 _a9780073051383 (hard copy : alk. paper)
020 _a0073051381 (hard copy : alk. paper)
035 _a(BD-RjUL)81813
040 _aDLC
_cDLC
_dDLC
_dBD-RjUL
_beng
041 _aeng
082 0 0 _222
_a363.7
_bCUE 2008
100 1 _aCunningham, William P.
_98695
245 1 0 _aEnvironmental science :
_ba global concern /
_cWilliam P. Cunningham, Mary Ann Cunningham.
250 _a10th ed.
260 _aBoston :
_bMcGraw-Hill Higher Education,
_cc2008.
300 _axxii, 618 p. :
_bcol. ill., col. maps ;
_c29 cm.
500 _aIncludes index.
650 0 _aEnvironmental sciences
_vTextbooks.
_98696
700 1 _aCunningham, Mary Ann.
_98697
942 _2ddc
_cBK
999 _c81813
_d81813